00858nam a2200265Ia 4500001000900000003000500009005001700014008004100031010001100072040000900083082001600092100002600108245009500134260002800229300001000257500000800267650003900275650004900314901001600363902000600379905006300385942001500448999001900463952011000482dia_1757CHAP20251023161005.0220117s1983 xx 000 0 und d a172296 cCHAP a630.973 B8Y aBurbach, Roger916097 aLas Agroindustrias Trasnacionales: Estados Unidos y America Latina. /c por Roger Burbach aMéxico :b ERA,c1983 a337 p aC/e aAgricultura aspectos económicos. aAgriculturaxinvestigaciónxE.U. 9151513 a630.973 B8Y aM a0000001983 MEXX 0000000000ESP00 cLIBRO2ddc c172296d172296 00102ddc40708GRALaIA_bIA_c1d2022-01-18f1l0pdia_4263r2022-01-18 00:00:00t1w2022-01-18yLIBRO